| Tag |
First Indicator |
Second Indicator |
Subfields |
| LEADER |
00000nam a2200000 i 4500 |
| 001 |
in00004652621 |
| 006 |
m o d f |
| 007 |
cr ||||||||||| |
| 008 |
230221s2020 coua ob f000 0 eng d |
| 005 |
20230328154809.5 |
| 035 |
|
|
|a (OCoLC)on1370904458
|
| 040 |
|
|
|a GPO
|b eng
|e rda
|e pn
|c GPO
|d MvI
|
| 043 |
|
|
|a n-us---
|
| 049 |
|
|
|a WWW
|
| 074 |
|
|
|a 0430-P-04 (online)
|
| 086 |
0 |
|
|a E 9.17:NREL/CP-5000-76016
|
| 100 |
1 |
|
|a Karayaka, H. Bora,
|e author.
|
| 245 |
1 |
0 |
|a Investigating the impact of power-take-off system parameters and control law on a rotational wave energy converter's peak-to-average power ratio reduction :
|b preprint /
|c H. Bora Karayaka [and three others]
|
| 264 |
|
1 |
|a Golden, CO :
|b National Renewable Energy Laboratory,
|c 2020.
|
| 300 |
|
|
|a 1 online resource (8 pages) :
|b color illustrations.
|
| 336 |
|
|
|a text
|b txt
|2 rdacontent
|
| 337 |
|
|
|a computer
|b c
|2 rdamedia
|
| 338 |
|
|
|a online resource
|b cr
|2 rdacarrier
|
| 490 |
1 |
|
|a NREL/CP ;
|v 5000-76016
|
| 500 |
|
|
|a "September 2020."
|
| 500 |
|
|
|a "Presented at the ASME 2020 39th International Conference on Ocean, Offshore and Arctic Engineering, August 3-7, 2020"--Cover.
|
| 500 |
|
|
|a GPO Cataloging Record Distribution Program (CRDP).
|
| 504 |
|
|
|a Includes bibliographical references (page 8).
|
| 513 |
|
|
|a Conference paper.
|
| 536 |
|
|
|a Sponsored by National Renewable Energy Laboratory
|b DE-AC36-08GO28308
|
| 588 |
|
|
|a Description based on online resource; title from PDF title page (NREL, viewed on Feb. 21, 2023).
|
| 611 |
2 |
0 |
|a International Conference on Ocean, Offshore and Arctic Engineering
|n (39th :
|d 2020 :
|c Online)
|0 https://id.loc.gov/authorities/names/nb2021009042
|
| 650 |
|
0 |
|a Direct energy conversion
|z United States.
|
| 650 |
|
0 |
|a Ocean energy resources.
|0 https://id.loc.gov/authorities/subjects/sh85093887
|
| 710 |
2 |
|
|a National Renewable Energy Laboratory (U.S.),
|0 https://id.loc.gov/authorities/names/no91027023
|e issuing body.
|
| 830 |
|
0 |
|a Conference paper (National Renewable Energy Laboratory (U.S.)) ;
|0 https://id.loc.gov/authorities/names/no2007111845
|v 5000-76016.
|
| 856 |
4 |
0 |
|u https://purl.fdlp.gov/GPO/gpo193411
|t 0
|
| 999 |
f |
f |
|s fc9216a6-4547-4f49-98e2-3aa9bfec7ea4
|i f5b0d5a2-250f-4d37-94b2-18adc6a70e67
|t 0
|
| 952 |
f |
f |
|a Texas A&M University
|b College Station
|c Electronic Resources
|d Available Online
|t 0
|e E 9.17:NREL/CP-5000-76016
|h Superintendent of Documents classification
|
| 998 |
f |
f |
|a E 9.17:NREL/CP-5000-76016
|t 0
|l Available Online
|